000 00866nam a22001937a 4500
001 10059
003 FISKH
005 20260403111721.0
008 260402b cb ||||| |||| 00| 0 eng d
020 _a9787568259453
040 _aFISKH
_bchi
_cFISKH
_dFISKH
082 _a895.63
100 _a大泽千加
245 _a可以自己看家吗?( "Can I look after the house by myself?" ) /
_c大泽千加
300 _a28 pages :
_bcolor illustrations ;
_c25 cm .
520 _a这是一本温馨的儿童绘本,讲述小动物在成长过程中面对挑战与独立的故事。通过“是否可以自己看家”这样的情境,引导孩子思考责任、勇气和独立性。故事画面温暖、情节简单易懂,非常适合幼儿阅读,同时也帮助家长与孩子进行亲子共读与成长引导。
942 _2ddc
_cBOOK
_n0
999 _c10059
_d10059